| 000 | 004220000a22001690004500 | ||
|---|---|---|---|
| 003 | MACL | ||
| 005 | 20160109115917.0 | ||
| 008 | 160109b xxu||||| |||| 00| 0 eng d | ||
| 040 |
_aMACL _cMACL |
||
| 041 | _aEnglish | ||
| 082 | _a915.1//MAC | ||
| 100 |
_aMacgowan, J _930191 |
||
| 245 | _aSidelights on chinese life | ||
| 260 |
_bTrubner & Co Ltd _c1907 _aLondon |
||
| 650 |
_aTravel _930192 |
||
| 942 |
_cBK _k915.1/MAC _2ddc |
||
| 999 |
_c36840 _d36840 |
||